Y refundaron la patria -- : (Registro nro. 3701)

000 -CABECERA
campo de control de longitud fija 00858nam a2200241 u 4500
001 - NÚMERO DE CONTROL
campo de control 000053454
005 - FECHA Y HORA DE LA ÚLTIMA TRANSACCIÓN
campo de control 20200120222756.0
008 - DATOS DE LONGITUD FIJA--INFORMACIÓN GENERAL
campo de control de longitud fija 120507s2010 sp gr 000 | spa d
020 ## - NÚMERO INTERNACIONAL ESTÁNDAR DEL LIBRO
Número Internacional Estándar del Libro 9789588613154
043 ## - CÓDIGO DE ÁREA GEOGRÁFICA
Código de área geográfica e-sp---
082 04 - NÚMERO DE LA CLASIFICACIÓN DECIMAL DEWEY
Número de clasificación 303.6
Número de documento/Ítem Y72
Número de edición 21
245 10 - MENCIÓN DE TÍTULO
Título Y refundaron la patria -- :
Resto del título de cómo mafiosos y políticos reconfiguraron el Estado colombiano /
Mención de responsabilidad, etc. edición de Claudia López Hernández.
250 ## - MENCIÓN DE EDICIÓN
Mención de edición 1a. ed.
260 ## - PUBLICACIÓN, DISTRIBUCIÓN, ETC.
Lugar de publicación, distribución, etc. Bogotá :
Nombre del editor, distribuidor, etc. Random House Mondadori :
-- Debate,
Fecha de publicación, distribución, etc. 2010.
300 ## - DESCRIPCIÓN FÍSICA
Extensión 524 p.
Material acompañante/anejo + 1 CD
500 ## - NOTA GENERAL
Nota general Incluye información biográfica del autor en la solapa.
500 ## - NOTA GENERAL
Nota general Incluye índice.
650 14 - PUNTO DE ACCESO ADICIONAL DE MATERIA--TÉRMINO DE MATERIA
Término de materia o nombre geográfico como elemento de entrada Violencia política
Subdivisión geográfica Colombia
650 24 - PUNTO DE ACCESO ADICIONAL DE MATERIA--TÉRMINO DE MATERIA
Término de materia o nombre geográfico como elemento de entrada Poder (Ciencias sociales)
Subdivisión geográfica Colombia
650 24 - PUNTO DE ACCESO ADICIONAL DE MATERIA--TÉRMINO DE MATERIA
Término de materia o nombre geográfico como elemento de entrada Paramilitarismo
Subdivisión geográfica Colombia
650 24 - PUNTO DE ACCESO ADICIONAL DE MATERIA--TÉRMINO DE MATERIA
Término de materia o nombre geográfico como elemento de entrada Contrainsurgencia
Subdivisión geográfica Colombia
700 1# - PUNTO DE ACCESO ADICIONAL--NOMBRE DE PERSONA
Nombre de persona López Hernández, Claudia,
Término indicativo de función/relación ed.
Existencias
Estado de retiro Estado de pérdida Fuente del sistema de clasificación o colocación Estado dañado No para préstamo Código de colección Localización permanente Ubicación/localización actual Fecha de adquisición Número de inventario Total de préstamos Signatura topográfica completa Fecha visto por última vez Número de copia Precio válido a partir de Tipo de ítem Koha Nota pública Código de barras Fecha del último préstamo
Retirado       Not For Loan Multimedia Biblioteca Pública San Juan Bosco Biblioteca Pública San Juan Bosco 20/01/2020 113791   303.6 Y72 20/01/2020 cd.1 ej.2 20/01/2020 CDROM Tres días    
          Multimedia Biblioteca Pública San Juan Bosco Biblioteca Pública San Juan Bosco 20/01/2020 NT   303.6 Y72 20/01/2020 cd.2 ej.2 20/01/2020 CDROM Tres días MOS014747  
          Colección General Biblioteca Pública San Juan Bosco Biblioteca Pública San Juan Bosco 18/03/2020 106018 1 303.6 Y72 07/02/2025 ej.1 18/03/2020 Libro Tres dias MOS012880 04/12/2024
          Colección General Biblioteca Pública San Juan Bosco Biblioteca Pública San Juan Bosco 18/03/2020 106019 1 303.6 Y72 30/01/2025 ej.2 18/03/2020 Libro Tres dias MOS014653 25/04/2022

© Todos los derechos reservados para la Biblioteca Pública Municipal San Juan Bosco, 2020
Secretaria de Cultura de Mosquera
Carrera 3 N° 10 Esquina Centro Cultural Barrio El Carmén Teléfono: 8270830 Ext: 34
Funcionando con KOHA
Contacto: Biblioteca Pública Municipal San Juan Bosco/ bibliotecasanjuanbosco@mosquera-cundinamarca.gov.co
Mosquera, Cundinamarca